2012 Stanley Cup Playoffs - Statistics

General Stats
  • This quiz has been taken 564 times
  • The average score is 13 of 16
Answers on the Map
Answers color-coded by a green-red scale on the quiz's map according to % correct below.
 
Answer Stats
Team % Correct
Los Angeles Kings
95%
New York Rangers
93%
Pittsburgh Penguins
93%
Boston Bruins
91%
Chicago Blackhawks
88%
Washington Capitals
86%
Philadelphia Flyers
85%
New Jersey Devils
84%
San Jose Sharks
84%
Detroit Red Wings
83%
Vancouver Canucks
81%
St. Louis Blues
76%
Nashville Predators
75%
Phoenix Coyotes
71%
Ottawa Senators
70%
Florida Panthers
67%
No matching quizzes found
Score Distribution
Percent of People with Each Score
Percentile by Number Answered
Your Score History
You have not taken this quiz